Eastern Utah Libraries Catalog: Duchesne, Heber, Roosevelt, & Vernal

Rick Steves' Europe. (Record no. 269822)

MARC details
000 -LEADER
fixed length control field 02610ngm a2200601Ka 4500
001 - CONTROL NUMBER
control field ocn122353910
003 - CONTROL NUMBER IDENTIFIER
control field OCoLC
005 - DATE AND TIME OF LATEST TRANSACTION
control field 20200320183243.0
007 - PHYSICAL DESCRIPTION FIXED FIELD--GENERAL INFORMATION
fixed length control field vd cvaizu
008 - FIXED-LENGTH DATA ELEMENTS--GENERAL INFORMATION
fixed length control field 070404s2007 wau180 g vleng d
019 ## -
-- 148649930
020 ## - INTERNATIONAL STANDARD BOOK NUMBER
International Standard Book Number 1598800663
020 ## - INTERNATIONAL STANDARD BOOK NUMBER
International Standard Book Number 9781598800661
020 ## - INTERNATIONAL STANDARD BOOK NUMBER
Terms of availability 17.95
024 1# - OTHER STANDARD IDENTIFIER
Standard number or code 015988006630
029 1# - (OCLC)
OCLC library identifier NZ1
System control number 12824169
035 ## - SYSTEM CONTROL NUMBER
System control number (OCoLC)122353910
Canceled/invalid control number (OCoLC)148649930
037 ## - SOURCE OF ACQUISITION
Source of stock number/acquisition Midwest Tape
Note http://www.midwesttapes.com
040 ## - CATALOGING SOURCE
Original cataloging agency TEFMT
Transcribing agency TEFMT
Modifying agency RCS
-- JTN
-- BTCTA
-- BAKER
-- OCLCQ
-- VP@
-- OCLCQ
-- UPZ
-- WACOL
043 ## - GEOGRAPHIC AREA CODE
Geographic area code e-it---
049 ## - LOCAL HOLDINGS (OCLC)
Holding library WACL
050 14 - LIBRARY OF CONGRESS CALL NUMBER
Classification number DG430.2
Item number .R53 2007
082 04 - DEWEY DECIMAL CLASSIFICATION NUMBER
Classification number 914.504
Edition number 22
092 ## - LOCALLY ASSIGNED DEWEY CALL NUMBER (OCLC)
Classification number DVD 914.5
Item number Ric
245 00 - TITLE STATEMENT
Title Rick Steves' Europe.
Name of part/section of a work Italy's countryside
Medium [videorecording] /
Statement of responsibility, etc Back Door Productions in association with American Public Television and Oregon Public Broadcasting.
246 30 - VARYING FORM OF TITLE
Title proper/short title Italy's countryside
260 ## - PUBLICATION, DISTRIBUTION, ETC. (IMPRINT)
Place of publication, distribution, etc Edmonds, WA :
Name of publisher, distributor, etc Back Door Productions,
Date of publication, distribution, etc [2007]
300 ## - PHYSICAL DESCRIPTION
Extent 1 videodisc (180 min.) :
Other physical details sd., col. ;
Dimensions 4 3/4 in.
538 ## - SYSTEM DETAILS NOTE
System details note DVD, all regions, NTSC; some episodes have widescreen presentation.
546 ## - LANGUAGE NOTE
Language note Closed-captioned.
500 ## - GENERAL NOTE
General note Title from on-screen menu.
511 0# - PARTICIPANT OR PERFORMER NOTE
Participant or performer note Host, Rick Steves.
500 ## - GENERAL NOTE
General note Originally broadcast as episodes from the public television series Rick Steves' Europe in 2000-2007.
520 ## - SUMMARY, ETC.
Summary, etc All 6 half-hour shows on Italy's countryside, filmed entirely on location.
505 00 - FORMATTED CONTENTS NOTE
Title Cinque Terre: Italy's hidden Riviera --
-- Siena and Assisi: Italy's grand hill towns --
-- Tuscany's dolce vita --
-- Italy's great hill towns --
-- Italy's Amalfi coast --
-- The best of Sicily.
651 #0 - SUBJECT ADDED ENTRY--GEOGRAPHIC NAME
Geographic name Italy
General subdivision Description and travel.
9 (RLIN) 86302
651 #8 - SUBJECT ADDED ENTRY--GEOGRAPHIC NAME
Geographic name Italy
General subdivision Description and travel.
9 (RLIN) 86302
655 #0 - INDEX TERM--GENRE/FORM
Genre/form data or focus term Travelogues (Motion pictures, television, etc.)
9 (RLIN) 5849761
655 #0 - INDEX TERM--GENRE/FORM
Genre/form data or focus term Video recordings for the hearing impaired.
9 (RLIN) 5849762
655 #7 - INDEX TERM--GENRE/FORM
Genre/form data or focus term Tavelogues.
Source of term gsafd
9 (RLIN) 5849763
655 #1 - INDEX TERM--GENRE/FORM
Genre/form data or focus term Travelogues (Television programs)
9 (RLIN) 5849764
700 1# - ADDED ENTRY--PERSONAL NAME
Personal name Steves, Rick,
Dates associated with a name 1955-
9 (RLIN) 13933
710 2# - ADDED ENTRY--CORPORATE NAME
Corporate name or jurisdiction name as entry element Back Door Productions.
9 (RLIN) 5849200
710 2# - ADDED ENTRY--CORPORATE NAME
Corporate name or jurisdiction name as entry element American Public Television.
9 (RLIN) 5849201
710 2# - ADDED ENTRY--CORPORATE NAME
Corporate name or jurisdiction name as entry element Oregon Public Broadcasting.
9 (RLIN) 61834
730 0# - ADDED ENTRY--UNIFORM TITLE
Uniform title Rick Steves' Europe (Television program)
9 (RLIN) 5836652
938 ## -
-- Baker and Taylor
-- BTCP
-- BK0007000577
938 ## -
-- Baker & Taylor
-- BKTY
-- 19.95
-- 14.96
-- 1598800663
-- 0007000577
-- active
942 ## - ADDED ENTRY ELEMENTS (KOHA)
Koha item type DVD
948 ## - LOCAL PROCESSING INFORMATION (OCLC); SERIES PART DESIGNATOR (RLIN)
Series part designator, SPT (RLIN) 03/28/2009
z (OCLC) Sirsi
994 ## -
-- 02
-- WACOL
996 ## -
-- 69548
-- 34301000814816
-- DVD
-- DVD
-- wcl
-- i
-- 49
-- 14.95
-- Amazon.com
-- 914.5 Ste
-- 03/31/2009
-- 01/22/2020
-- 01/14/2020
Holdings
Withdrawn status Lost status Source of classification or shelving scheme Damaged status Not for loan Collection code Home library Current library Shelving location Date acquired Source of acquisition Cost, normal purchase price Total Checkouts Total Renewals Full call number Barcode Date last seen Date checked out Cost, replacement price Price effective from Koha item type
    Dewey Decimal Classification     Movies Wasatch County Library Wasatch County Library Audio Visual Area 03/31/2009 Amazon 14.95 55 8 DVD 914.5 Ste 34301000814816 02/26/2025 02/05/2025 14.95 03/20/2020 DVD
This project was made possible through a grant from the Institute of Museum and Library Service administered by the Utah State Library Division.

Wasatch County Library

  • 465 East 1200 South, Heber City, Utah 84032
  • Phone 435-654-1511 | Fax 435-654-6456

Hours

  • Monday - Friday 9:30 AM - 8:00 PM
  • Saturday 9:30 AM - 1:30 PM
  • Closed Sundays and Holidays